000
00251nam a22000977a 4500
008
240219b |||||||| |||| 00| 0 eng d
082
_a
A COLL Ej.2
100
1
0
_a
Cole, Babette
_e
autor
_9
42655
245
_a
El libro apestoso /
_c
Babette Cole
942
_2
ddc
999
_c
30608
_d
16992